000 00587nam a22002057a 4500
003 OSt
005 20160226172240.0
008 160226b xxu||||| |||| 00| 0 eng d
020 _a0131495380
040 _cDDC.
082 _a658 HOR 2006.
100 _aHorngren,T.Charles;Datar,M.Srikant;Foster,George;
_96849
245 _aCost Accounting.
_bA managerial Emphasis.
250 _a12th ed.
260 _aNew Jersey;
_bPrentice Hall.
_c2006.
300 _axxviii,868p;
_bcol,ill;
_c28cm;
504 _aincludes index and Glossary
650 _aAccounting.
_91379
942 _2ddc
_cSLOAN
999 _c3088
_d3088